|
|
|
|
| LEADER |
01371nam a2200337 a 4500 |
| 001 |
0017277 |
| 003 |
BD-DhAAL |
| 008 |
090726r20031972enk 000 1 eng d |
| 010 |
|
|
|a 72192863
|
| 020 |
|
|
|a 0140442529
|
| 040 |
|
|
|a DLC
|c DLC
|d DLC
|d BD-DhAAL
|
| 082 |
0 |
0 |
|a 891.733
|2 22
|
| 100 |
1 |
|
|a Dostoyevsky, Fyodor,
|d 1821-1881.
|
| 240 |
1 |
0 |
|a Zapiski iz podpolʹi͡a︡.
|l English
|
| 245 |
1 |
0 |
|a Notes from underground.
|b The double.
|c Translated with an introd. by Jessie Coulson.
|
| 260 |
|
|
|a [Harmondsworth, Eng.,
|a Baltimore]
|b Penguin Books
|c 1972[reprinted 2003]
|
| 300 |
|
|
|a 291 p.;
|c 19 cm
|
| 350 |
|
|
|a $1.65 (U.S.)
|
| 490 |
0 |
|
|a Penguin classics
|
| 500 |
|
|
|a Translations of Zapiski iz podpolʹi͡a︡, and Dvoĭnik.
|
| 526 |
|
|
|a ENH
|
| 541 |
1 |
|
|e 00017277
|a Omni Books
|
| 600 |
1 |
0 |
|a Dostoyevsky, Fyodor,
|d 1821-1881
|x Translations into English.
|9 58360
|
| 651 |
|
0 |
|a Russia
|x Social life and customs
|x Fiction.
|9 58361
|
| 700 |
1 |
2 |
|a Dostoyevsky, Fyodor,
|d 1821-1881.
|t Dvoĭnik.
|l English.
|f 1972.
|9 58362
|
| 700 |
1 |
|
|a Coulson, Jessie
|9 58363
|
| 740 |
0 |
|
|a Double.
|
| 852 |
4 |
|
|a Ayesha Abed Library
|c General Stacks
|
| 942 |
|
|
|2 ddc
|c BK
|
| 999 |
|
|
|c 2873
|d 2873
|
| 952 |
|
|
|0 0
|1 0
|2 ddc
|4 0
|6 891_733000000000000_DOS
|7 0
|9 2620
|a BRACUL
|b BRACUL
|c GEN
|d 2009-07-27
|e Omni Books
|g 900.00
|l 35
|m 178
|o 891.733 DOS
|p 3010017277
|q 2026-06-02
|r 2026-05-20
|s 2026-05-20
|t 1
|v 1800.00
|w 2009-07-27
|y BK
|